Sports Quiz

Random Sports or NBA Quiz

NBA All-Rookie Team Members Quiz Stats

 Plays Quiz not verified by Sporcle

Score 0/195 Timer 20:00
0 Plays Today
Year Player % Correct
16-17Joel Embiid
92.2%
15-16Kristaps Porzingis
88%
15-16Karl-Anthony Towns
86.7%
14-15Andrew Wiggins
86.1%
15-16Devin Booker
84.9%
16-17Malcolm Brogdon
84.3%
03-04LeBron James
81.3%
10-11John Wall
79.5%
84-85Michael Jordan
79.5%
03-04Dwyane Wade
78.9%
12-13Anthony Davis
77.1%
09-10Stephen Curry
77.1%
03-04Carmelo Anthony
77.1%
16-17Dario Saric
75.9%
98-99Vince Carter
75.9%
91-92Larry Johnson
75.9%
79-80Magic Johnson
75.9%
15-16Jahlil Okafor
75.3%
04-05Emeka Okafor
75.3%
92-93Shaquille O'Neal
75.3%
15-16Nikola Jokic
74.7%
11-12Klay Thompson
74.7%
07-08Kevin Durant
74.7%
08-09Derrick Rose
74.1%
08-09Russell Westbrook
73.5%
11-12Kyrie Irving
71.7%
05-06Deron Williams
71.1%
98-99Jason Williams
71.1%
86-87John Williams
71.1%
81-82Buck Williams
71.1%
07-08Jeff Green
70.5%
14-15Elfrid Payton
69.9%
12-13Damian Lillard
69.9%
10-11Blake Griffin
69.9%
01-02Pau Gasol
69.9%
03-04Chris Bosh
69.3%
95-96Joe Smith
69.3%
91-92Steve Smith
69.3%
88-89Charles Smith
69.3%
87-88Kenny Smith
69.3%
80-81Larry Smith
69.3%
12-13Bradley Beal
68.7%
16-17Buddy Hield
67.5%
05-06Chris Paul
67.5%
04-05Dwight Howard
66.9%
01-02Tony Parker
66.9%
97-98Tim Duncan
66.9%
10-11DeMarcus Cousins
66.3%
96-97Allen Iverson
66.3%
93-94Penny Hardaway
65.7%
89-90Tim Hardaway
65.7%
11-12Kawhi Leonard
65.1%
94-95Jason Kidd
63.9%
79-80Larry Bird
63.9%
04-05Ben Gordon
63.3%
98-99Paul Pierce
63.3%
94-95Glenn Robinson
63.3%
89-90David Robinson
63.3%
81-82Isiah Thomas
63.3%
00-01Mike Miller
62.7%
99-00Andre Miller
62.7%
84-85Hakeem Olajuwon
62.7%
02-03Caron Butler
60.8%
84-85Charles Barkley
60.2%
00-01Marc Jackson
59%
Year Player % Correct
87-88Mark Jackson
59%
02-03Yao Ming
57.8%
02-03Amare Stoudemire
57.8%
95-96Damon Stoudemire
57.8%
85-86Karl Malone
57.8%
83-84Jeff Malone
57.8%
08-09Brook Lopez
56.6%
94-95Grant Hill
56.6%
85-86Patrick Ewing
55.4%
92-93Alonzo Mourning
54.8%
96-97Antoine Walker
54.2%
83-84Darrell Walker
54.2%
13-14Michael Carter-Williams
53%
93-94Chris Webber
53%
94-95Eddie Jones
52.4%
09-10Tyreke Evans
51.8%
99-00Elton Brand
51.8%
07-08Al Horford
51.2%
91-92Dikembe Mutombo
51.2%
85-86Joe Dumars
50.6%
14-15Nerlens Noel
50%
06-07LaMarcus Aldridge
50%
06-07Brandon Roy
49.4%
96-97Stephon Marbury
47.6%
82-83James Worthy
47.6%
16-17Willy Hernangomez
47%
92-93LaPhonso Ellis
47%
11-12Ricky Rubio
46.4%
04-05Andre Iguodala
45.2%
98-99Mike Bibby
45.2%
06-07Rudy Gay
44.6%
01-02Jason Richardson
44.6%
89-90Pooh Richardson
44.6%
88-89Willie Anderson
44.6%
87-88Greg Anderson
44.6%
04-05Luol Deng
44%
99-00Steve Francis
44%
13-14Victor Oladipo
43.4%
00-01Kenyon Martin
43.4%
14-15Jordan Clarkson
42.8%
05-06Andrew Bogut
42.2%
88-89Mitch Richmond
42.2%
83-84Ralph Sampson
41.6%
80-81Kevin McHale
41.6%
12-13Harrison Barnes
41%
90-91Dee Brown
41%
09-10Brandon Jennings
39.8%
89-90Vlade Divac
39.2%
90-91Dennis Scott
38%
83-84Byron Scott
38%
82-83Dominique Wilkins
38%
03-04Kirk Hinrich
36.7%
90-91Lionel Simmons
36.7%
14-15Nikola Mirotic
36.1%
08-09OJ Mayo
36.1%
99-00Lamar Odom
35.5%
94-95Brian Grant
35.5%
90-91Derrick Coleman
34.9%
11-12Kenneth Faried
33.1%
12-13Dion Waiters
32.5%
95-96Jerry Stackhouse
32.5%
08-09Michael Beasley
31.9%
01-02Andrei Kirilenko
31.3%
93-94Jamal Mashburn
31.3%
86-87Ron Harper
31.3%
Year Player % Correct
92-93Christian Laettner
30.1%
88-89Rik Smits
30.1%
86-87Brad Daugherty
30.1%
85-86Charles Oakley
30.1%
11-12Brandon Knight
28.9%
97-98Brevin Knight
28.9%
97-98Zydrunas Ilgauskas
28.9%
95-96Michael Finley
28.9%
96-97Marcus Camby
28.3%
09-10Taj Gibson
27.1%
84-85Sam Perkins
27.1%
01-02Shane Battier
25.9%
97-98Keith Van Horn
25.9%
95-96Antonio McDyess
25.9%
95-96Arvydas Sabonis
25.3%
93-94Vin Baker
24.1%
86-87Chuck Person
24.1%
02-03Nene
22.9%
99-00Wally Szczerbiak
22.9%
00-01Darius Miles
22.3%
82-83Terry Cummings
21.7%
80-81Darrell Griffith
21.7%
13-14Trey Burke
21.1%
79-80Bill Cartwright
21.1%
11-12Iman Shumpert
19.9%
00-01Morris Peterson
19.3%
92-93Tom Gugliotta
19.3%
88-89Hersey Hawkins
19.3%
85-86Xavier McDaniel
19.3%
09-10Darren Collison
18.7%
80-81Joe Barry Carroll
18.7%
90-91Kendall Gill
18.1%
84-85Sam Bowie
17.5%
07-08Luis Scola
16.9%
81-82Kelly Tripucka
16.9%
86-87Roy Tarpley
16.3%
02-03Drew Gooden
15.1%
06-07Randy Foye
13.9%
10-11Landry Fields
12.7%
07-08Al Thornton
12.7%
05-06Channing Frye
12%
05-06Charlie Villanueva
11.4%
13-14Mason Plumlee
10.8%
97-98Ron Mercer
10.2%
91-92Stacey Augmon
10.2%
82-83Clark Kellogg
10.2%
93-94Isaiah Rider
9.6%
83-84Thurl Bailey
9.6%
91-92Billy Owens
9%
89-90Sherman Douglas
9%
10-11Gary Neal
7.8%
98-99Matt Harpring
7.8%
13-14Tim Hardaway Jr.
7.2%
87-88Armen Gilliam
7.2%
87-88Derrick McKey
7.2%
79-80Calvin Natt
7.2%
79-80David Greenwood
7.2%
81-82Jay Vincent
6.6%
81-82Jeff Ruland
4.8%
82-83Quintin Dailey
4.2%
96-97Shareef Abdul-Rahim
3.6%
06-07Andrea Bargani
2.4%
06-07Jorge Garbosa
1.2%
80-81Kelvin Ransey
1.2%
83-84Steve Stiponavich
0%

You're not logged in!

Compare scores with friends on all Sporcle quizzes.
OR
Log In

Sporcle TV

Today on Sporcle TV


Watch our educational content, quiz creation guides, and fun videos on Sporcle TV.

Show Comments

Extras

Top Quizzes Today


Score Distribution

Your Account Isn't Verified!

In order to create a playlist on Sporcle, you need to verify the email address you used during registration. Go to your Sporcle Settings to finish the process.

Report this User

Report this user for behavior that violates our Community Guidelines.

Details: